00173nam a2200073Ia 4500008004100000082000800041100001700049245003300066240331s9999 xx 000 0 und d bRUR aDavies,M. tr 0aRural women in Latin America